000 01561cam a22003857a 4500
003 CHAP
005 20220817043829.0
008 010920d2001 mx r 00110 spa d
010 _a85583
011 _a86555
035 _a97094
040 _cCHAP
090 _aTesis
100 0 0 _aLópez Ayala, Judith.
_967689
245 1 0 _aFactores que intervienen en el proceso de recuperación del programa de desarrollo productivo sostenible en zonas rurales marginadas (PDPSZRM), en el municipio de Huehuetla, Puebla
_c/por Judith López Ayala y Zenaida Verenice Pérez Mar
260 _aChapingo, Méx. :
_bEl autor,
_c2002.
300 _a144 h. :
_bilus.
502 _aTesis (Ing. Agr. Esp. en Sociología Rural,) -- UACH. Departamento de Sociología Rural
502 _aTesis (Ing. en Agroecología) -- UACH. Departamento de Agroecología
590 _aALEPH
_b10
_c20130110
_lUCH01
_h1447
590 _aBATCH-UPD
_b10
_c20130110
_lUCH01
_h0637
590 _aBATCH-UPD
_b10
_c20130410
_lUCH01
_h0321
590 _aBATCH-UPD
_b10
_c20130410
_lUCH01
_h1629
590 _aBATCH-UPD
_b10
_c20130914
_lUCH01
_h1147
590 _aCONVERSION
_b10
_c20130109
_lUCH01
_h1348
650 1 4 _aDesarrollo de la comunidad rural
_zPuebla.
_932044
650 1 4 _aDesarrollo rural.
_932067
650 1 4 _aDesarrollo sustentable.
700 0 0 _aPérez Mar, Zenaida Verenice.
_989827
901 _aBK
905 _aAlejandra Carrasco M.
942 _cFOLL
949 _aTesis
_bBC
_cTES
_d33724000863858
_eTS2
_fc.2
_h39425
_i97094
_si
949 _aTesis
_bBC
_cTES
_d970941
_eTS1
_h39424
_i97094
_sb
999 _c85583
_d85583